Normal view
MARC view
Entry Personal Name
001 - CONTROL NUMBER
- control field: 31170
003 - CONTROL NUMBER IDENTIFIER
- control field: ARRUPE
005 - DATE AND TIME OF LATEST TRANSACTION
- control field: 20170529093204.0
008 - FIXED-LENGTH DATA ELEMENTS
- fixed length control field: 170529|| aca||aabn | a|a d
040 ## - CATALOGING SOURCE
- Original cataloging agency: ARRUPE
- Transcribing agency: ARRUPE
100 ## - HEADING--PERSONAL NAME
- Personal name: Campbell, Dugald,
- Dates associated with a name: 1871-
670 ## - SOURCE DATA FOUND
- Source citation: Work cat.: (ARRUPE)88645: Campbell, Dugald, 1871-, In the heart of Bantuland;, 1922.